ARRUPE JESUIT UNIVERSITY

CORONAVIRUS -STOP THE SPREAD - CLEAN,DISINFECT,COVER

The veldt trail (Record no. 121273)

MARC details
000 -LEADER
fixed length control field 00339nam a22001217a 4500
008 - FIXED-LENGTH DATA ELEMENTS--GENERAL INFORMATION
fixed length control field 141118b xxu||||| |||| 00| 0 eng d
050 ## - LIBRARY OF CONGRESS CALL NUMBER
Classification number PZ3.P 1425 V4 1923
100 ## - MAIN ENTRY--PERSONAL NAME
Personal name Page, Getrude
9 (RLIN) 12732
245 ## - TITLE STATEMENT
Title The veldt trail
Statement of responsibility, etc Getrude Page
260 ## - PUBLICATION, DISTRIBUTION, ETC. (IMPRINT)
Place of publication, distribution, etc London
Name of publisher, distributor, etc Cassell and Company, LTD
Date of publication, distribution, etc 1923
300 ## - PHYSICAL DESCRIPTION
Extent 314p. :
942 ## - ADDED ENTRY ELEMENTS (KOHA)
Source of classification or shelving scheme Library of Congress Classification
Item type Monograph ( Printed materials)
Holdings
Withdrawn status Lost status Source of classification or shelving scheme Damaged status Not for loan Collection code Home library Current library Shelving location Date acquired Total Checkouts Full call number Barcode Date last seen Price effective from Koha item type
    Library of Congress Classification     Main Collection ARRUPE LIBRARY ARRUPE LIBRARY Main Collection 18/11/2014   PZ3.P 1425 V4 1923 46500003720 02/07/2019 18/11/2014 Monograph ( Printed materials)

 

Arrupe Library. PO Box MP320 Mt Pleasant, Harare, Zimbabwe
263 242 745411|librarian@aju.ac.zw